000 00341nam a2200145Ia 4500
008 221030s9999 xx 000 0 und d
041 _aEnglish
082 _a105.23
_bAdm
100 _aAdmiralty
245 0 _aExamples in Electrical Calculations
260 _bStandard Pub.
_aNew Delhi
_c1977
300 _a432
650 _aEE
942 _cBK
999 _c7114
_d7114